Circuits Formule 1 - Statistiques

Statistiques générales
  • Ce quiz a été pris 9 242 fois
    8 646 depuis la dernière actualisation
  • Le résultat moyen est 16 sur 28
Statistiques - réponses
Par images Réponse % Correct
Bakou
83%
Monaco
79%
Monza
79%
Spa
79%
Spielberg
74%
Las Vegas
70%
Djeddah
68%
Melbourne
68%
Suzuka
68%
Barcelone
66%
Sakhir
63%
Lusail
62%
Silverstone
62%
Singapour
59%
Hungaroring
57%
Abu Dhabi
56%
Interlagos
56%
Austin
55%
Montréal
53%
Miami
52%
Le Castellet
50%
Mexico
49%
Imola
47%
Zandvoort
47%
Portimao
38%
Sotchi
33%
Istanbul
21%
Nürburgring
21%
Aucun quiz correspondant
Distribution des résultats
% des personnes avec chaque résultat
Percentile par nombre de réponses
Votre historique - résultats
Vous n’avez pas pris ce quiz depuis la dernière actualisation